| 000 | 00357 a2200145 4500 | ||
|---|---|---|---|
| 001 | 148625 | ||
| 040 | _cEscola São Tomás de Aquino | ||
| 100 | _aRENNÓ, Regina | ||
| 240 | 1 | 0 |
_aNinguém é igual a ninguém _lpor |
| 245 | 1 | 0 | _aNinguém é igual a ninguém |
| 300 | _a32 | ||
| 440 | 1 | _aEditora do Brasil | |
| 697 | _a*LITERATURA INFANTO | ||
| 942 | _cBK | ||
| 999 |
_c148625 _d148625 |
||